000 00476nam a2200145Ia 4500
008 100122s9999 xx 000 0 und d
082 _b12808
_a823
100 _aहसमनीस द का
245 _aशेतकऱ्याचा मुलगा
260 _bकल्पना प्रकाशन
_c1960
300 _a246
630 _aशेतकऱ्याचा मुलगा
730 _aशेतकऱ्याचा मुलगा
942 _cBOOK
999 _c403819
_d403816